000 00468nam a2200181Ia 4500
001 19039
005 20260306171714.0
008 260306s9999||||xx |||||||||||||| ||und||
041 _aESP
082 _a658.8
_bB34
100 _aBecerra Marsano, Ana María
_eAUT
245 0 _aAspectos básicos de márketing para la micro y pequeña empresa
260 _c2015
300 _a83 páginas :
_c27 cm.
650 _aGEN
654 _aCAN
942 _cLIB
_dJUS
_fJUS
_2ddc
_n
999 _c19039
_d19039